Detalles MARC
| 000 -CABECERA |
| campo de control de longitud fija |
01874nam a2200301 i 4500 |
| 003 - IDENTIFICADOR DEL NÚMERO DE CONTROL |
| campo de control |
DO-SdBNP |
| 005 - FECHA Y HORA DE LA ÚLTIMA TRANSACCIÓN |
| campo de control |
20240229091110.0 |
| 007 - CAMPO FIJO DE DESCRIPCIÓN FÍSICA--INFORMACIÓN GENERAL |
| campo de control de longitud fija |
ta |
| 008 - DATOS DE LONGITUD FIJA--INFORMACIÓN GENERAL |
| campo de control de longitud fija |
240229s2023 dr co 000 j spa d |
| 020 ## - NÚMERO INTERNACIONAL ESTÁNDAR DEL LIBRO |
| Número Internacional Estándar del Libro |
9789945934250 |
| 040 ## - FUENTE DE LA CATALOGACIÓN |
| Centro catalogador/agencia de origen |
DO-SdBNP |
| Lengua de catalogación |
spa |
| Centro/agencia transcriptor |
BNPHU |
| Normas de descripción |
rda |
| 082 ## - NÚMERO DE LA CLASIFICACIÓN DECIMAL DEWEY |
| Número de clasificación |
923.7 |
| Número de documento/Ítem |
N124, 2023 |
| Número de edición |
22 |
| 100 ## - ENTRADA PRINCIPAL--NOMBRE DE PERSONA |
| Nombre de persona |
Nacidit-Perdomo, Ylonka, |
| Fechas asociadas al nombre |
1965- |
| 9 (RLIN) |
24277 |
| 245 10 - MENCIÓN DE TÍTULO |
| Título |
Ana Emilia Abigail Mejía Soliére : |
| Resto del título |
(1895-1941) : una vida estelar y excepcional. <<Constructora de la ciudadanía>> de las mujeres de la República Dominicana |
| Mención de responsabilidad, etc. |
Ylonka Nacidit Perdomo ; presentación Mayra Jiménez |
| 264 #1 - PRODUCCIÓN, PUBLICACIÓN, DISTRIBUCIÓN, FABRICACIÓN Y COPYRIGHT |
| Producción, publicación, distribución, fabricación y copyright |
Santo Domingo : |
| Nombre del de productor, editor, distribuidor, fabricante |
Ministerio de la Mujer, |
| Fecha de producción, publicación, distribución, fabricación o copyright |
2023. |
| 300 ## - DESCRIPCIÓN FÍSICA |
| Extensión |
58 páginas, |
| Otras características físicas |
retratos, fotografías |
| Dimensiones |
23 cm. |
| 336 ## - TIPO DE CONTENIDO |
| Fuente |
rdacontent |
| Término de tipo de contenido |
texto |
| Código de tipo de contenido |
txt |
| 337 ## - TIPO DE MEDIO |
| Fuente |
rdamedia |
| Nombre/término del tipo de medio |
sin mediación |
| Código del tipo de medio |
n |
| 338 ## - TIPO DE SOPORTE |
| Fuente |
rdacarrier |
| Nombre/término del tipo de soporte |
volumen |
| Código del tipo de soporte |
nc |
| 500 ## - NOTA GENERAL |
| Nota general |
Comisión Oficial para el Traslado al Panteón de la Patria de los Restos Mortales de Ana Emilia Abigail Mejía Soliére, |
| 505 0# - NOTA DE CONTENIDO CON FORMATO |
| Título |
Abigail : Sus orígenes, primeros años y adolescencia, pág.. 10.-- |
| -- |
Abigail : Ante la violencia de guerra mundial y el militarismo, pág. 18.-- |
| -- |
Abigail : Primera periodista/Corresponsal trasatlántica dominicana, pág. 25.-- |
| -- |
Abigail : Pionera del arte fotográfico con mirada de mujer, pág. 32.-- |
| -- |
Abigail : Pionera e impulsora del museo nacional, pág. 37.-- |
| -- |
Abigail : Pionera del sufragismo de vanguardia en la República Dominicana, pág. 40.-- |
| -- |
Abigail : La despedida triste de una vida fecunda, pág. 42.-- |
| -- |
Colofón, pág. 54.-- |
| -- |
Notas, pág. 56. / |
| 590 ## - NOTA LOCAL (RLIN) |
| Nota local |
Inventariado, 2024/ YL |
| 600 ## - PUNTO DE ACCESO ADICIONAL DE MATERIA--NOMBRE DE PERSONA |
| Nombre de persona |
Mejía Soliére, Ana Emilia Abigail |
| Fechas asociadas al nombre |
1895-1941 |
| Subdivisión general |
Biografía |
| 9 (RLIN) |
84960 |
| 600 ## - PUNTO DE ACCESO ADICIONAL DE MATERIA--NOMBRE DE PERSONA |
| Nombre de persona |
Mejía Soliére, Ana Emilia Abigail |
| Fechas asociadas al nombre |
1895-1941 |
| Subdivisión general |
Crítica e interpretación |
| 9 (RLIN) |
84961 |
| 700 1# - PUNTO DE ACCESO ADICIONAL--NOMBRE DE PERSONA |
| Nombre de persona |
Jiménez, Mayra |
| Término indicativo de función/relación |
presentación |
| 9 (RLIN) |
84062 |
| 910 ## - DATOS DE OPCIÓN DEL USUARIO (OCLC) |
| Datos de opción del usuario |
YLockward |
| 942 ## - ELEMENTOS DE PUNTO DE ACCESO ADICIONAL (KOHA) |
| Fuente del sistema de clasificación o colocación |
Dewey Decimal Classification |
| Tipo de ítem Koha |
Libro |